El vuelo de la mariposa saturnina: diarios 1964-1980

Zapisane w:
Opis bibliograficzny
1. autor: Calderón, Alfonso (Autor)
Format: Książka
Język:hiszpański
Wydane: Santiago Ediciones Nemo 1994
Hasła przedmiotowe:
Etykiety: Dodaj etykietę
Nie ma etykietki, Dołącz pierwszą etykiete!

MARC

LEADER 00000nam a2200000 a 4500
001 UCZ2466
003 CL-VaPUC
008 951005e19940000CL |||||||||||||||||spa|d
082 0 4 |a Ch864  |b CAL  |2 21 
100 0 |a Calderón, Alfonso  |e author  |9 346220 
245 1 3 |a El vuelo de la mariposa saturnina: diarios 1964-1980 
300 |a 402 p 
942 |c BK 
945 |d 19951005 00:00:00  |a rbrito 
260 |a Santiago  |b Ediciones Nemo  |c 1994 
650 0 |a Ensayos chilenos   |9 269132 
583 |a last modification  |c 19951005 00:00:00  |k Rodrigo Vera 
999 |c 239061  |d 239059 
952 |0 0  |1 0  |4 0  |6 CH_864_000000000000000_CAL_1994  |7 0  |8 A  |9 249850  |a BIBEDU  |b BIBEDU  |d 2019-11-18  |i 3140431  |o Ch864 CAL 1994  |p 3140431  |r 2019-11-18  |w 2019-11-18  |y BK  |k LIT